| 000 | 00793nam a2200229 a 4500 | ||
|---|---|---|---|
| 005 | 20231124063625.0 | ||
| 008 | 070828s2001 mx r 000 0 spa d | ||
| 020 | _a9701875095 | ||
| 035 | _aUPN01000151564 | ||
| 049 | _aCG | ||
| 050 | 4 |
_aF1219.3 R3.8 _bE8.6 |
|
| 100 | 1 | _aEscalante, Yuri | |
| 245 | 1 | 0 |
_aPiramides, cerros y calvarios : _blugares sagrados y legislación mexicana / _cYuri Escalante, Sandra Chávez y Ari Rajsbaum ; pról. Julio Glockner. |
| 260 |
_aMéxico : _bINI : _bCNDH, _c2001. |
||
| 300 |
_a93 p. : _bil. |
||
| 440 | 0 | _aDerecho indígena | |
| 650 | 4 |
_aIndígenas de México _xReligión y mitología _95903 |
|
| 650 | 4 |
_aIndígenas de México _xRitos y ceremonias _98538 |
|
| 700 | 1 |
_aChávez, Sandra, _ecoaut. |
|
| 700 | 1 |
_aRajsbaum, Ari, _ecoaut. |
|
| 905 | _aLibro | ||
| 999 |
_c123700 _d123700 |
||